Aplikácia princípov kruhovej ekonomiky na Slovensku zborník vedeckých prác II z projektu VEGA 1/0705/19

Gespeichert in:
Bibliographische Detailangaben
Körperschaft: Univerzita Mateja Bela v Banskej Bystrici. Ekonomická fakulta
Weitere Verfasser: Musová, Zdenka, Kusá, Alena, Minárová, Martina, Mura, Ladislav
Format: Buch
Sprache:Slowakisch
Englisch
Veröffentlicht: Banská Bystrica BELIANUM 2021
Ausgabe:1. vydanie
Schlagworte:
Tags: Tag hinzufügen
Keine Tags, Fügen Sie das erste Tag hinzu!

MARC

LEADER 00000nam a2200000 4500
001 0280516
005 20240221111205.7
020 |a 978-80-557-1920-7 
041 0 |a slo 
041 0 |a eng 
044 |a SK 
245 1 0 |a Aplikácia princípov kruhovej ekonomiky na Slovensku  |b zborník vedeckých prác II z projektu VEGA 1/0705/19  |c editor: Zdenka Musová ; recenzenti: Alena Kusá, Martina Minárová, Ladislav Mura 
250 |a 1. vydanie 
264 1 |a Banská Bystrica  |b BELIANUM  |c 2021 
300 |a 195 s. 
610 2 0 |a hospodárstvo obehové 
610 2 0 |a hospodárstvo odpadové 
610 2 0 |a inovácie environmentálne 
610 2 0 |a rozvoj trvalo udržateľný 
610 2 0 |a obaly 
610 2 0 |a recyklácia odpadu 
610 2 0 |a manažment environmentálny 
700 1 |a Musová, Zdenka 
700 1 |a Kusá, Alena 
700 1 |a Minárová, Martina 
700 1 |a Mura, Ladislav 
710 2 |a Univerzita Mateja Bela v Banskej Bystrici. Ekonomická fakulta